Postacie biblijne - quiz - Statystyki

Ogólne statystyki
  • Ten quiz został rozwiązany 12 razy
  • Średni wynik to 8 z 20
Statystyki odpowiedzi
Wskazówka Odpowiedź % Poprawnych
pierworodny syn Abrahama Izaak
100%
prorok, słynie z licznych zapowiedzi przyjścia Mesjasza Izajasz
90%
pierwsza kobieta w Biblii Ewa
80%
choć nie należał do Dwunastu, zwany Apostołem Narodów Paweł
70%
jego imię po hebrajsku to: Izrael Jakub
50%
ocalały z Sodomy Lot
50%
siostra Łazarza i Marii Marta
50%
cesarz rzymski panujący w momencie narodzin Jezusa Oktawian August
50%
żywił się szarańczą i dzikim miodem Jan Chrzciciel
40%
pierwszy męczennik za chrześcijaństwo, jego śmierć opisana jest w Dziejach Apostolskich Szczepan
40%
w Księdze zatytułowanej jego imieniem głównym motywem jest tzw. vanitas Kohelet
20%
Apostoł, który został wybrany na miejsce Judasza Maciej
20%
arcykapłan, przewodniczący Sanhedrynu, który prowadził proces przeciwko Jezusowi Józef Kajfasz
20%
pierwszy król Izraela Saul
20%
Apostoł, w Ewangelii Jana nazywany Natanaelem Bartłomiej
10%
król perski, który podbił państwo powyższego władcy i postawił kres niewoli babilońskiej Cyrus II Wielki
10%
Jezus przebaczył mu na krzyżu, gdy umierał Dobry Łotr
10%
autor ostatniej Księgi Starego Testamentu Malachiasz
10%
władca babiloński, podbił Królestwo Judy co stało się przyczyną niewoli babilońskiej Nabuchodonozor II
10%
uczeń Pawła z Tarsu, do którego kierowany jest jeden list, opiekował się chrześcijańską gminą na Krecie Tytus
0%
Nie znaleziono quizów pasujących do podanych kryteriów
Rozkład punktacji
Procent ludzi z każdym wynikiem
Percentyl według liczby udzielonych odpowiedzi
Twoja historia wyników
Nie rozwiązałeś tego quizu